000 01148nam a2200337 a 4500
020 _a0155029428
082 0 0 _a510
_bANT
100 1 _aAnton, Howard.
_98661
245 1 0 _aApplied finite mathematics /
_cHoward Anton, Bernard Kolman, Bonnie Averbach.
250 _a5th ed.
260 _aFort Worth :
_bSaunders College Pub.,
_cc1992.
300 _axv, 600 p. :
_bill. ;
_c24 cm.
500 _aIncludes index.
526 _a0
_b0
_c0
_d510_000000000000000_ANT
526 _a0
_b0
_c0
_d510_000000000000000_ANT
526 _a0
_b0
_c0
_d510_000000000000000_ANT
526 _a0
_b0
_c0
_d510_000000000000000_ANT
526 _a0
_b0
_c0
_d510_000000000000000_ANT
526 _a0
_b0
_c0
_d510_000000000000000_ANT
526 _a0
_b0
_c0
_d510_000000000000000_ANT
526 _a0
_b0
_c0
_d510_000000000000000_ANT
526 _a0
_b0
_c0
_d510_000000000000000_ANT
526 _a0
_b0
_c0
_d510_000000000000000_ANT
526 _a0
_b0
_c0
_d510_000000000000000_ANT
526 _a0
_b0
_c0
_d510_000000000000000_ANT
650 0 _aMathematics.
650 0 _aMCE
_9379
700 1 _aAverbach, Bonnie,
_938799
700 1 _aKolman, Bernard,
_938800
942 _2ddc
_cBK
999 _c543440
_d543440